00849nam a22002297a 4500003000500000005001700005008004100022010001100063011001100074035001100085040000900096100003700105245010800142260004000250500006000290502007700350650003000427650005400457650002800511856006400539856001600603CHAP20220329143736.0110520s2011 mx r 00010 spa d a101247 a102219 a112907 cCHAP1 aBautista Espinosa, Rosa María.10aModelos de mezclas en las funciones de supervivenciah[En línea]c/por Rosa María Bautista Espinosa aChapingo, Méx. :bEl autor,c2011 aPara ver el contenido del material haga clic en la liga aTesis (Lic. en Estadística) -- UACH. División de Ciencias Forestales14aAnálisis estadístico.14aCalidadxControl de laxMétodos estadísticos.14aMuestreo estadístico. 3Finding aiduhttp://10.13.5.2/tesis/112907.pdfzTeclea aqui a1 n0000836